Geography Quiz

Random Geography or City Quiz

🔵 Countries with X cities Quiz Stats

 Plays Quiz not verified by Sporcle

Challenge
Share
Tweet
Embed
Score 0/18 Timer 06:00
0 Plays Today
Country % Correct
China
99.2%
Mexico
90%
United States
82.3%
Brazil
81.5%
India
80%
Spain
74.6%
France
68.5%
Germany
66.9%
Vietnam
62.3%
Country % Correct
Taiwan
57.7%
Greece
53.8%
Laos
50%
Mozambique
34.6%
Albania
31.5%
Malta
30.5%
Cyprus
27.1%
Uzbekistan
21.5%
Czechia
0%

You're not logged in!

Compare scores with friends on all Sporcle quizzes.
Join for Free
OR
Log In

You Might Also Like...

Show Comments

Extras

Top Quizzes Today


Score Distribution

Your Account Isn't Verified!

In order to create a playlist on Sporcle, you need to verify the email address you used during registration. Go to your Sporcle Settings to finish the process.

Report this User

Report this user for behavior that violates our Community Guidelines.

Details: